000
00265nam a2200109Ia 4500
008
190914s9999||||xx |||||||||||||| ||und||
100
_a
Abul Ala Mawdudi
245
0
_a
Towards Understanding Islam
260
_a
New Delhi
_b
Dorling
_c
2000
300
_a
2005
942
_c
BK
999
_c
9937
_d
9937